000 00519nam a2200169Ia 4500
008 140626s9999 xx 000 0 und d
100 _aTrainor, Audrey.
245 _aPerspectives of adolescents with disabilities on summer employment and community experiences /
_cAudrey Trainor ... [et al.].
260 _cc2011.
300 _a45 : 3, page 157
440 _aJournal of Special Education
521 _aSPED
650 _aEmployment.
650 _aQualitative research.
650 _aTransition.
942 _cSE
999 _c120970
_d120970